Devinez la Capitale Mystère #147 - Statistiques

Statistiques générales
  • Ce quiz a été pris 91 fois
  • Le résultat moyen est 32 sur 37
Statistiques - réponses
Type de Réponse Réponse % Correct
Lettre de l'Alphabet A
100%
Lettre Trouvée I
100%
Lettre Trouvée O
99%
Lettre Trouvée T
99%
Lettre Trouvée E
97%
Lettre de l'Alphabet L
97%
Lettre Trouvée N
97%
Lettre de l'Alphabet P
97%
Lettre de l'Alphabet R
97%
Lettre de l'Alphabet S
97%
Lettre de l'Alphabet B
96%
Lettre de l'Alphabet C
96%
Lettre Bien Placée O
93%
Lettre de l'Alphabet U
93%
Lettre de l'Alphabet G
90%
Lettre de l'Alphabet H
90%
Lettre Trouvée M
90%
Lettre Trouvée D
88%
Lettre Bien Placée N
88%
Lettre de l'Alphabet K
86%
Lettre de l'Alphabet W
86%
Lettre Bien Placée E
84%
Lettre de l'Alphabet Y
84%
Lettre Bien Placée M
82%
Lettre de l'Alphabet X
79%
Lettre de l'Alphabet J
78%
Lettre Trouvée V
77%
Lettre de l'Alphabet Z
77%
Lettre Bien Placée T
74%
Lettre Bien Placée E
73%
Lettre Bien Placée O
73%
Lettre Bien Placée I
71%
Lettre Bien Placée V
71%
Lettre Bien Placée D
70%
Lettre de l'Alphabet F
70%
Capitale Mystère Montevideo
70%
Lettre de l'Alphabet Q
70%
Aucun quiz correspondant
Distribution des résultats
% des personnes avec chaque résultat
Percentile par nombre de réponses
Votre historique - résultats
Vous n’avez pas pris ce quiz